Click the Morgan Wallen Song Title Ending - Statistics

General Stats
  • This quiz has been taken 413 times
  • The average score is 15 of 19
Answer Stats
Hint Answer % Correct
Whiskey Glasses
92%
Chasin' You
92%
Last Night
90%
Somebody's Problem
89%
Broadway Girls
86%
You Proof
85%
7 Summers
85%
Up Down
84%
Flower Shops
84%
This Bar
81%
'98 Braves
81%
Quittin' Time
80%
Happy Hour
78%
Stand Out
77%
Chain Smokin'
71%
Your Bartender
64%
American NIghts
64%
Neon Eyes
62%
Beer Don't
47%
No matching quizzes found
Score Distribution
Percent of People with Each Score
Percentile by Number Answered
Your Score History
You have not taken this quiz